La Réponse est l'Homophone d'un Fleuve - Statistiques

Statistiques générales
  • Ce quiz a été pris 82 fois
  • Le résultat moyen est 9 sur 20
Statistiques - réponses
Pays d'embouchure Indice Réponse % Correct
France Dalida parlait d'y mourir Scène
96%
Brésil Entreprise plus puissante que la plupart des pays du monde ayant même conquis la mythologie grecque Amazon
73%
France Le prénom d'un pote à Harry Potter là Ron
71%
Russie Pas le crépuscule, l'autre Aube
63%
Irak Félin qui n'est pas un poti chat Tigre
62%
France Petit machin de 30cm qui ressemble à un écureuil Loir
60%
Italie Prénom porté par Ducret, Tsamere, Clément, Lagardère, Montebourg, ... Arnaud
55%
Russie Quand tu vends, mais gratuitement et sans frais Don
55%
Italie On met des fleurs dedans, ou du vin parfois Pot
46%
Afrique du Sud/Namibie Couleur d'un président américain élu à deux occurrences Orange
45%
France Interjection chère à Denis Brogniard Ah !
44%
Pays-Bas Mieux vaut vérifier qu'on en a toujours 2 après un voyage en Asie du Sud Rein
44%
Royaume-Uni Quand il cherche des trucs dans le sable, parfois il ... Tamise
41%
Russie Quand on n'a que le quoi ? Demandez à Jacques Amour
35%
Ghana Physicien italien aux découvertes électrisantes Volta
35%
Israel/Jordanie Un Gentilhomme quelque peu bourgeois, ou bien l'inverse Jourdain
28%
France Mieux vaut l'avoir sur son cou Tête
15%
Australie Plus petit que le mur entre le Mexique et les États-Unis Muret
14%
France Fleuve passant par Bruxelles, et pas à Paris Senne
13%
France Il peut sauver New York ou partir à la rescousse d'une princesse Héros
8%
Aucun quiz correspondant
Distribution des résultats
% des personnes avec chaque résultat
Percentile par nombre de réponses
Votre historique - résultats
Vous n’avez pas pris ce quiz